00508nam a2200193 a 4500001001300000003000900013005001700022008004100039020001000080082001600090100002500106245003300131260003100164300000900195500003500204505001000239650004000249700002500289nice12345678IN_TiNIC20260116012021.0050524s0000 boma grp 000 0 urd  ac10000a297.55bSHA aShaikh, Abdul Hafeez aAl-Hajj Walumrah Waz-Ziyarah aBombaybDarus Salfiac0000 a175p aincludes index and biblioraphy2 aIndex aMuslim Pilgrims and Pilgrimages-Sau1 aShaikh, Abdul Hafeez